the study on economic efficiency of fish farm in prey kroch village, krobey riel commune, seim reap district, siem ream provinceការសិក្សារអំពីប្រសិទ្ធភាពសេដ្ឋកិច្ចនៃកសិដ្ឋានចិញ្ចឹមត្រីនៅក្នុងភូមិព្រៃក្រូច ឃុំក្រសៀមរាប​ ខេត្តសៀមរាប (Record no. 18394)

000 -LEADER
fixed length control field 00737nam a22001337a 4500
040 ## - CATALOGING SOURCE
Transcribing agency RUA
082 ## - DEWEY DECIMAL CLASSIFICATION NUMBER
Classification number AED SOY 2018 B650 Or.1
100 ## - MAIN ENTRY--AUTHOR NAME
Personal name SOY SREYNEAR សយ ស្រីនា
245 ## - TITLE STATEMENT
Title the study on economic efficiency of fish farm in prey kroch village, krobey riel commune, seim reap district, siem ream provinceការសិក្សារអំពីប្រសិទ្ធភាពសេដ្ឋកិច្ចនៃកសិដ្ឋានចិញ្ចឹមត្រីនៅក្នុងភូមិព្រៃក្រូច ឃុំក្រសៀមរាប​ ខេត្តសៀមរាប
260 ## - PUBLICATION, DISTRIBUTION, ETC. (IMPRINT)
Place of publication RUA
Name of publisher Phnom penh
Year of publication 2018
300 ## - PHYSICAL DESCRIPTION
Number of Pages x;41p
Other physical details ill;
Dimensions 29cm
856 ## - ELECTRONIC LOCATION AND ACCESS
Uniform Resource Identifier SOY SREYNEAR
942 ## - ADDED ENTRY ELEMENTS (KOHA)
Koha item type AED
952 ## - LOCATION AND ITEM INFORMATION (KOHA)
Withdrawn status [LOCAL, KOHA] 0
952 ## - LOCATION AND ITEM INFORMATION (KOHA)
Withdrawn status [LOCAL, KOHA] 0
952 ## - LOCATION AND ITEM INFORMATION (KOHA)
Withdrawn status [LOCAL, KOHA] 0
952 ## - LOCATION AND ITEM INFORMATION (KOHA)
Withdrawn status [LOCAL, KOHA] 0
952 ## - LOCATION AND ITEM INFORMATION (KOHA)
Withdrawn status [LOCAL, KOHA] 0
952 ## - LOCATION AND ITEM INFORMATION (KOHA)
Withdrawn status [LOCAL, KOHA] 0
Holdings
Permanent Location Date acquired Koha item type Lost status Shelving location Barcode Current Location Full call number
Library Block B2019-11-15AED B550A42503Library Block BAED SOY 2018 B650 Or.1
Library Block B2019-11-15AED B550A42298Library Block BAED SOY 2018 B650 Or.2
Library Block B2019-11-15AED B550A42088Library Block BAED SOY 2018 B650 Or.3
Library Block B2019-11-15AED B550A42118Library Block BAED SOY 2018 B650 Or.4
Library Block B2019-11-15AED B550A42240Library Block BAED SOY 2018 B650 Or.5
Library Block B2019-11-15AED B550A42193Library Block BAED SOY 2018 B650 Or.6
មជ្ឈមណ្ឌលឯការនៃសាកលវិទ្យាល័យភូមិន្ទកសិកម្មចំការដូង

Powered by Koha